| 000 | 00746nam a22002297a 4500 | ||
|---|---|---|---|
| 005 | 20170124110245.0 | ||
| 010 | _a897594 | ||
| 020 | _c00.00 | ||
| 035 | _a897594 | ||
| 037 | _bCen Lib/Ret | ||
| 040 |
_aDPL _bEN |
||
| 082 |
_a270.33 _bNAR |
||
| 100 |
_aNarayan, B.K. _997156 |
||
| 245 |
_aMohammed the Prophet of Islam : _cby B.K.Narayan _ba flame in the desert / |
||
| 260 |
_aNew Delhi _bLancers Publishers _c1978 |
||
| 270 |
_bNew Delhi _aP.O.Box.No.4235 _e110048 |
||
| 300 |
_axv,205p. _c24cm(Hb) |
||
| 500 | _aIncludes bibliographical references and index | ||
| 650 |
_aMuḼammad, -- Prophet, -- -632 -- Biography. _997157 |
||
| 650 |
_aMuḼammad, -- Prophet, -- -632. _997158 |
||
| 942 |
_2ddc _cEN _h270.33 _mNAR |
||
| 999 |
_c135456 _d135456 |
||